| 000 | 00889nam a22002297a 4500 | ||
|---|---|---|---|
| 999 |
_c2788 _d2788 |
||
| 003 | AR-CdUCM | ||
| 008 | 190305b ||||| |||| 00| 0 spa d | ||
| 040 |
_aMUNICIPALIDAD PROVINCIAL DEL CUSCO _cBIBLIOTECA MUNICIPAL DEL CUSCO |
||
| 082 |
_a985.021 / _bP65P |
||
| 100 |
_aPorras Barrenechea, Raúl _91670 |
||
| 245 | _aPizarro / | ||
| 260 |
_aLima : _bPizarro, _c1978. |
||
| 300 |
_aXXXI , 686 páginas ; _bIlustraciones. _c21 cm. |
||
| 505 | _aContenido: Los primeros días -- Información sobre el linaje y juventud de Francisco Pizarro hecha en Trujillo de Extremadura en 1529 -- Pizarro --Pizarro el fundador ... | ||
| 650 |
_aHistoria de Perú _99715 |
||
| 650 |
_aBiografía de Pizarro _99716 |
||
| 650 |
_aFundación de Lima _92502 |
||
| 700 |
_aSanchez, Luis Alberto (prólogo) _99717 |
||
| 700 |
_aNakamura, Félix (ilustraciones) _99718 |
||
| 942 |
_2ddc _cLIBROS |
||
| 945 | _aafb | ||